Loading...
Lectures on light
| Hovedforfatter: | |
|---|---|
| Format: | Printed Book |
| Udgivet: |
New York
Oxford
2010
|
| Fag: |
| LEADER | 00435nam a22001457a 4500 | ||
|---|---|---|---|
| 020 | |a 9780199574872 | ||
| 082 | |a 535.2 |b RAN | ||
| 100 | |a Rand,Stephen C | ||
| 245 | |a Lectures on light | ||
| 260 | |a New York |b Oxford |c 2010 | ||
| 300 | |a xiv,304 | ||
| 650 | |a Appendices | ||
| 942 | |c BK | ||
| 999 | |c 128686 |d 128682 | ||
| 952 | |0 0 |1 0 |4 0 |6 535_200000000000000_RAN |7 0 |8 NFIC |9 127163 |a SPAP |b SPAP |c GEN |d 2017-08-18 |l 0 |o 535.2 RAN |p SPAP3766 |r 2017-08-18 |w 2017-08-18 |y BK | ||